| 000 | 00389 a2200133 4500 | ||
|---|---|---|---|
| 001 | 92275 | ||
| 082 | _aPR 2522 | ||
| 090 |
_c44223 _d44222 |
||
| 100 | _aShan Abbas and Asim Munir; Prof Salman Aslam and Mansoor Ahsan (Advisors) | ||
| 245 |
_aController Design for an Autonomous Helicopter _n77 "B" EC |
||
| 260 |
_aIslamabad _bNUST _c2014 |
||
| 300 | _a85p. | ||
| 500 | _aBE Project Reports | ||
| 942 |
_aCAE NUST _kPR 2522 |
||
| 999 |
_c327348 _d327348 |
||